| 000 -LEADER |
| fixed length control field |
00288nam a22001217a 4500 |
| 008 - FIXED-LENGTH DATA ELEMENTS--GENERAL INFORMATION |
| fixed length control field |
170905b xxu||||| |||| 00| 0 eng d |
| 041 ## - LANGUAGE CODE |
| Language code of text/sound track or separate title |
alb |
| 080 ## - UNIVERSAL DECIMAL CLASSIFICATION NUMBER |
| Universal Decimal Classification number |
82 |
| 100 ## - Rafti |
| Rafti |
20 |
| 101 ## - Shkurtesa |
| Shkurtesa |
GJL |
| 245 ## - TITLE STATEMENT |
| Title |
PROVERBA TË SHQIPES DHE TË GJUHËS NEOLATINE |
| Statement of responsibility, etc |
RAMADANI.R,H |
| 942 ## - ADDED ENTRY ELEMENTS (KOHA) |
| Source of classification or shelving scheme |
|
| Item type |
Books |